Marco legal ambiental para el desarrollo de proyectos de construcción
Salvato in:
| Autore principale: | |
|---|---|
| Altri autori: | |
| Natura: | Libro |
| Pubblicazione: |
[San José, Costa Rica]
2005
|
| Soggetti: | |
| Tags: |
Aggiungi Tag
Nessun Tag, puoi essere il primo ad aggiungerne!!
|
MARC
| LEADER | 00000nam a2200000Ia 4500 | ||
|---|---|---|---|
| 003 | 009474 | ||
| 005 | 20240523100542.0 | ||
| 008 | 140114s2005 cr a m 000 ||s d | ||
| 040 | |c cru CEDI | ||
| 090 | |a TFG 5013 | ||
| 100 | |a Álvarez Campos, Maynor |9 3105 | ||
| 245 | |a Marco legal ambiental para el desarrollo de proyectos de construcción | ||
| 260 | |a [San José, Costa Rica] |c 2005 | ||
| 300 | |a iii, 143 hojas : ilustraciones a color | ||
| 500 | |a Proyecto de graduación(licenciatura en ingeniería civil)--Universidad de Costa Rica. Facultad de Ingeniería. Escuela de Ingeniería Civil | ||
| 501 | |a Directora de Proyecto de Graduación: Ing. Flor de María Muñoz Umaña | ||
| 650 | |x INDUSTRIA DE LA CONSTRUCCION |x ASPECTOS LEGALES |x ASPECTOS AMBIENTALES |x CONSERVACION DE LOS RECURSOS NATURALES |x COSTA RICA |9 6131 | ||
| 700 | |a Muñoz Umaña, Flor de María, 1958- |d Directora del TFG |9 144 | ||
| 942 | |c TFG |h TFG 5013 |i 009474 |6 TFG_5013_009474000000000 | ||
| 999 | |c 17410 |d 17410 | ||
